Multimediálny programový systém na podporu výuky syntézy synchrónnych sekvenčných obvodov

Enregistré dans:
Détails bibliographiques
Auteur principal: Bednár, Marian, 1987- (Auteur)
Autres auteurs: Tomalová, Elena, 1947- (Directeur de thèse)
Format: Manuscrit Livre
Langue:slovaque
Publié: Bratislava : STU v Bratislave FIIT, 2010
Sujets:
Accès en ligne:VAIS
Tags: Ajouter un tag
Pas de tags, Soyez le premier à ajouter un tag!

MARC

LEADER 00000ntm a22000003a 4500
001 stu219198
005 20150617230116.7
008 101210s2010----xo------------------slo-d
040 |a STU  |b slo 
041 0 |a slo 
044 |a xo 
100 1 |a Bednár, Marian,  |d 1987-  |4 aut  |u I100  |U FIIT Fakulta informatiky a informačných technológií  |T FIIT Ústav počítačových systémov a sietí  |X 35353  |U I100  |Y 178  |7 A000035353 
242 0 0 |a Multimedia program system to support a schooling in creating of synchronous sequential circuits  |y eng 
245 1 |a Multimediálny programový systém na podporu výuky syntézy synchrónnych sekvenčných obvodov 
260 |a Bratislava :  |b STU v Bratislave FIIT,  |c 2010 
300 |a 60 s 
650 7 |a počítačové systémy a siete  |2 stusub 
650 7 |a Computer Systems and Networks  |2 estusub 
650 7 |a konečný automat  |2 stusub 
700 1 |a Tomalová, Elena,  |d 1947-  |4 ths  |u I100  |U FIIT Fakulta informatiky a informačných technológií  |T FIIT Ústav počítačových systémov a sietí  |X 1826  |U I100  |Y 178  |7 A000001826 
856 4 |a info a plný text  |u http://is.stuba.sk/zp/portal_zp.pl?podrobnosti=22894  |3 VAIS 
996 |c I*BAP11/10  |l II680  |s P  |a 0  |w stu219198_0001